000 00734nam a2200241 a 4500
008
020 _a9780521684484 (pbk.)
049 _aMAIN
090 _aTJ163.2
_bEVA
100 1 _aEvans, Robert L.
245 1 0 _aFueling our future :
_ban introduction to sustainable energy /
_cRobert L. Evans.
260 _aCambridge :
_bCambridge University Press,
_c2007.
300 _axii, 180 p. :
_bill. ;
_c23 cm.
504 _aIncludes bibliographical references.
500 _aIncludes Index.
650 0 _aPower resources.
650 0 _aEnergy policy.
907 _a.b10276750
_b14-07-10
_c12-05-10
003
005 20230123125021.0
040 _cNUST
942 _cBOOKS
_kTJ163.2
_mEVA
999 _c134245
_d134245